|
|
|
|
| LEADER |
00000nab a2200000 a 4500 |
| 001 |
vtls000172660 |
| 003 |
SK-MaSNL |
| 005 |
20260304072011.0 |
| 008 |
250423c1984 xo 0 slo |
| 015 |
|
|
|a SNBRB19rr/mm-uuuuu
|
| 035 |
|
|
|a CL0182772
|
| 035 |
|
|
|a urn:nbn:sk:snk-ab2oyl
|
| 035 |
|
|
|a (urnnbn)urn:nbn:sk:snk:ar-a02pqn
|
| 035 |
|
|
|a (uuid)2fba389e-a2dd-4dac-98bc-bd1ba94933e5
|
| 040 |
|
|
|a SNKBUCL
|b slo
|c SNKBUCL
|e AACR2
|
| 041 |
0 |
|
|a cze
|
| 044 |
|
|
|a xo
|c SK
|
| 080 |
|
|
|a 378.663
|2 1981
|
| 080 |
|
|
|a 631.15.001.5
|2 1981
|
| 100 |
1 |
|
|a Píč, Jaroslav
|4 aut
|9 384946
|
| 245 |
1 |
0 |
|a Vysoká škola zemědělská v Praze k ekonomice podniků
|c Jaroslav Píč
|
| 500 |
|
|
|a /Začiatok/.
|
| 610 |
2 |
7 |
|a Vysoká škola zemědělská v Praze.
|b Provozně ekonomická fakulta
|2 SNKKA
|9 125299
|
| 650 |
0 |
7 |
|a poľnohospodárske podniky
|2 snkbucl
|9 4194
|
| 650 |
0 |
7 |
|a ekonomika
|2 snkbucl
|9 789
|
| 655 |
|
7 |
|a články z novín a časopisov
|2 snkbucl
|9 267496
|
| 773 |
0 |
|
|t Ekonomika poľnohospodárstva
|g Roč. 23, č. 2 (1984), s. 57-58
|
| 850 |
|
|
|a Slovenská národná knižnica
|
| 852 |
|
|
|a Slovenská národná knižnica
|
| 954 |
|
|
|a odborná, vedecká literatúra cudzojazyčná (svetová)
|2 lita
|
| 957 |
|
|
|a 3100
|
| 958 |
|
|
|a article27
|
| 958 |
|
|
|a RK
|
| 958 |
|
|
|a CZ
|
| 958 |
|
|
|a OND
|
| 958 |
|
|
|a EUIPO
|
| 992 |
|
|
|a RBX
|
| 999 |
|
|
|c 2763845
|d 2765775
|